| 000 | 00622nam a22001217a 4500 | ||
|---|---|---|---|
| 040 | _cRUA | ||
| 082 | _aDVM PEN 2025 B707 Or.1 | ||
| 100 | _aPEN SOCHHAKRIT, ប៉ែន សុឆាគ្រីត | ||
| 245 | _aCase of tick fever disease in canine at animal clinic in sangkat preysar, khan dangkor, phnom penh. ករណីគ្រុនដង្កែលើសុនខនៅគ្លីនិកសត្វ ក្នុងសង្កាត់ព្រៃស ខណ្ឌដង្កោ រាជធានីភ្នំពេញ | ||
| 260 |
_aPHNOM PENH _bRUA _c2025 |
||
| 300 |
_aXII,62P. _bILL. _c29CM. |
||
| 942 | _cNRM | ||
| 999 |
_c25695 _d25695 |
||